Ticket to Ride Cities - Statistics

General Stats
  • This quiz has been taken 1,040 times
  • The average score is 30 of 36
Answers on the Map
Answers color-coded by a green-red scale on the quiz's map according to % correct below.
 
Answer Stats
Cities % Correct
Los Angeles
98%
New York
97%
Miami
95%
San Francisco
95%
Seattle
95%
Dallas
94%
Houston
94%
Chicago
93%
Toronto
93%
Las Vegas
92%
Vancouver
92%
Boston
91%
Phoenix
91%
Atlanta
90%
New Orleans
90%
Denver
89%
Portland
89%
Salt Lake City
89%
Montreal
88%
Kansas City
85%
Oklahoma City
85%
Washington
84%
Nashville
83%
Pittsburgh
81%
El Paso
80%
Saint Louis
80%
Calgary
79%
Winnipeg
75%
Raleigh
74%
Little Rock
73%
Santa Fe
73%
Charleston
69%
Helena
68%
Omaha
66%
Sault St Marie
47%
Duluth
44%
No matching quizzes found
Score Distribution
Percent of People with Each Score
Percentile by Number Answered
Your Score History
You have not taken this quiz